[Event "Greek Team Championship"]
[Site "chess24.com"]
[Date "2017.07.05"]
[Round "4"]
[White "Xilogiannis, Dimitrios"]
[Black "Hararis, Georgios"]
[Result "1-0"]
[Board "2"]
[WhiteElo "1909"]
[WhiteCountry "GRE"]
[WhiteFideId "4239016"]
[WhiteEloChange "10"]
[BlackElo "1901"]
[BlackCountry "GRE"]
[BlackFideId "4254317"]
[BlackEloChange "-10"]

1. d4 {[%clk 1:30:30]} d5 {[%clk 1:30:30]} 2. Bf4 {[%clk 1:30:30]} Nf6 {[%clk
1:30:30]} 3. e3 {[%clk 1:30:30]} Bf5 {[%clk 1:30:30]} 4. c4 {[%clk 1:30:30]} e6
{[%clk 1:30:30]} 5. Nc3 {[%clk 1:30:30]} c6 {[%clk 1:30:30]} 6. Qb3 {[%clk
1:30:30]} Qb6 {[%clk 1:30:30]} 7. c5 {[%clk 1:30:30]} Qxb3 {[%clk 1:30:30]} 8.
axb3 {[%clk 1:30:30]} Nbd7 {[%clk 1:30:30]} 9. h3 {[%clk 1:30:30]} h6 {[%clk
1:30:30]} 10. b4 {[%clk 1:30:30]} g5 {[%clk 1:30:30]} 11. Bh2 {[%clk 1:30:30]}
Bg7 {[%clk 1:30:30]} 12. b5 {[%clk 1:30:30]} Nb8 {[%clk 1:30:30]} 13. b6 {[%clk
1:30:30]} a6 {[%clk 1:30:30]} 14. Nf3 {[%clk 1:30:30]} O-O {[%clk 1:30:30]} 15.
Nd2 {[%clk 1:30:30]} Nfd7 {[%clk 1:30:30]} 16. Bd6 {[%clk 1:30:30]} Re8 {[%clk
1:30:30]} 17. Nb3 {[%clk 1:30:30]} e5 {[%clk 1:30:30]} 18. Kd2 {[%clk 1:30:30]}
exd4 {[%clk 1:30:30]} 19. exd4 {[%clk 1:30:30]} Nf6 {[%clk 1:30:30]} 20. f3
{[%clk 1:30:30]} Bc8 {[%clk 1:30:30]} 21. Bd3 {[%clk 1:30:30]} Bf8 {[%clk
1:30:30]} 22. Bc7 {[%clk 1:30:30]} Nh5 {[%clk 1:30:30]} 23. Ne2 {[%clk 1:30:30]}
Ng7 {[%clk 1:30:30]} 24. g4 {[%clk 1:30:30]} Be7 {[%clk 1:30:30]} 25. Ng3 {[%clk
1:30:30]} Bd8 {[%clk 1:30:30]} 26. Bd6 {[%clk 1:30:30]} Be7 {[%clk 1:30:30]} 27.
Bc7 {[%clk 1:30:30]} Bd8 {[%clk 1:30:30]} 28. Bxd8 {[%clk 1:30:30]} Rxd8 {[%clk
1:30:30]} 29. h4 {[%clk 1:30:30]} Be6 {[%clk 1:30:30]} 30. Na5 {[%clk 1:30:30]}
Rd7 {[%clk 1:30:30]} 31. hxg5 {[%clk 1:30:30]} hxg5 {[%clk 1:30:30]} 32. Nh5
{[%clk 1:30:30]} Ne8 {[%clk 1:30:30]} 33. Rh2 {[%clk 1:30:30]} Kf8 {[%clk
1:30:30]} 34. Re1 {[%clk 1:30:30]} Re7 {[%clk 1:30:30]} 35. Ng3 {[%clk 1:30:30]}
Nf6 {[%clk 1:30:30]} 36. Rh8+ {[%clk 1:30:30]} Kg7 {[%clk 1:30:30]} 37. Nf5+
{[%clk 1:30:30]} Kxh8 {[%clk 1:30:30]} 38. Nxe7 {[%clk 1:30:30]} Nbd7 {[%clk
1:30:30]} 39. Nxb7 {[%clk 1:30:30]} Nxb6 {[%clk 1:30:30]} 40. cxb6 {[%clk
1:30:30]} Nd7 {[%clk 1:30:30]} 41. Nc5 {[%clk 1:30:30]} Nxb6 {[%clk 1:30:30]} 42.
Nxe6 {[%clk 1:30:30]} fxe6 {[%clk 1:30:30]} 43. Rxe6 {[%clk 1:30:30]} Na4 {[%clk
1:30:30]} 44. b3 {[%clk 1:30:30]} Nb6 {[%clk 1:30:30]} 45. Rxc6 {[%clk 1:30:30]}
Nd7 {[%clk 1:30:30]} 46. Rh6+ {[%clk 1:30:30]} Kg7 {[%clk 1:30:30]} 47. Rh7+
{[%clk 1:30:30]} Kf6 {[%clk 1:30:30]} 48. Nxd5+ {[%clk 1:30:30]} 1-0

[Event "Greek Team Championship"]
[Site "chess24.com"]
[Date "2017.07.05"]
[Round "4"]
[White "Kiriakopoulos, Antonios"]
[Black "Kivelos, Sotirios"]
[Result "0-1"]
[Board "3"]
[WhiteElo "1859"]
[WhiteCountry "GRE"]
[WhiteFideId "4203933"]
[WhiteEloChange "-9"]
[BlackElo "1903"]
[BlackCountry "GRE"]
[BlackFideId "4208374"]
[BlackEloChange "9"]

1. e4 {[%clk 1:30:56]} c6 {[%clk 1:30:45]} 2. b3 {[%clk 1:31:14]} d5 {[%clk
1:30:20]} 3. Bb2 {[%clk 1:31:34]} dxe4 {[%clk 1:29:35]} 4. Ne2 {[%clk 1:31:37]}
Nd7 {[%clk 1:29:53]} 5. Ng3 {[%clk 1:31:49]} Ngf6 {[%clk 1:28:58]} 6. Nc3 {[%clk
1:31:58]} e6 {[%clk 1:25:48]} 7. Ngxe4 {[%clk 1:29:45]} Be7 {[%clk 1:26:07]} 8.
g3 {[%clk 1:24:18]} O-O {[%clk 1:21:56]} 9. Bg2 {[%clk 1:22:07]} Qc7 {[%clk
1:21:28]} 10. Qe2 {[%clk 1:20:30]} b6 {[%clk 1:18:55]} 11. O-O-O {[%clk 1:06:05]}
Bb7 {[%clk 1:18:49]} 12. f4 {[%clk 1:05:03]} b5 {[%clk 1:16:39]} 13. Ng5 {[%clk
0:58:35]} a5 {[%clk 1:08:08]} 0-1

[Event "Greek Team Championship"]
[Site "chess24.com"]
[Date "2017.07.05"]
[Round "4"]
[White "Palaskos, Ahileas"]
[Black "Salakas, Fotios"]
[Result "0-1"]
[Board "4"]
[WhiteElo "1803"]
[WhiteCountry "GRE"]
[WhiteFideId "4218604"]
[WhiteEloChange "-15"]
[BlackElo "1596"]
[BlackCountry "GRE"]
[BlackFideId "4270185"]
[BlackEloChange "15"]

1. e4 {[%clk 1:30:30]} c5 {[%clk 1:30:30]} 2. Nf3 {[%clk 1:30:30]} e6 {[%clk
1:30:30]} 3. d4 {[%clk 1:30:30]} cxd4 {[%clk 1:30:30]} 4. Nxd4 {[%clk 1:30:30]}
a6 {[%clk 1:30:30]} 5. Bd3 {[%clk 1:30:30]} Qc7 {[%clk 1:30:30]} 6. O-O {[%clk
1:30:30]} Nc6 {[%clk 1:30:30]} 7. c3 {[%clk 1:30:30]} Nf6 {[%clk 1:30:30]} 8. Be3
{[%clk 1:30:30]} Ne5 {[%clk 1:30:30]} 9. Bf4 {[%clk 1:30:30]} d6 {[%clk 1:30:30]}
10. Bc2 {[%clk 1:30:30]} Be7 {[%clk 1:30:30]} 11. Nd2 {[%clk 1:30:30]} O-O {[%clk
1:30:30]} 12. a4 {[%clk 1:30:30]} Rd8 {[%clk 1:30:30]} 13. Qe2 {[%clk 1:30:30]}
Nfd7 {[%clk 1:30:30]} 14. Bg3 {[%clk 1:30:30]} Nc6 {[%clk 1:30:30]} 15. N2b3
{[%clk 1:30:30]} Qb6 {[%clk 1:30:30]} 16. Rfd1 {[%clk 1:30:30]} Nf8 {[%clk
1:30:30]} 17. a5 {[%clk 1:30:30]} Qa7 {[%clk 1:30:30]} 18. Kh1 {[%clk 1:30:30]}
Bd7 {[%clk 1:30:30]} 19. f3 {[%clk 1:30:30]} Rac8 {[%clk 1:30:30]} 20. Bd3 {[%clk
1:30:30]} Ne5 {[%clk 1:30:30]} 21. Bf2 {[%clk 1:30:30]} Qb8 {[%clk 1:30:30]} 22.
Bb1 {[%clk 1:30:30]} Nfg6 {[%clk 1:30:30]} 23. Nd2 {[%clk 1:30:30]} Nc6 {[%clk
1:30:30]} 24. N4b3 {[%clk 1:30:30]} Nf4 {[%clk 1:30:30]} 25. Qf1 {[%clk 1:30:30]}
d5 {[%clk 1:30:30]} 26. g3 {[%clk 1:30:30]} Ng6 {[%clk 1:30:30]} 27. exd5 {[%clk
1:30:30]} exd5 {[%clk 1:30:30]} 28. Nd4 {[%clk 1:30:30]} Re8 {[%clk 1:30:30]} 29.
N2b3 {[%clk 1:30:30]} Nce5 {[%clk 1:30:30]} 30. Ra2 {[%clk 1:30:30]} Bf6 {[%clk
1:30:30]} 31. f4 {[%clk 1:30:30]} Nc4 {[%clk 1:30:30]} 32. Qg1 {[%clk 1:30:30]}
Re7 {[%clk 1:30:30]} 33. Bd3 {[%clk 1:30:30]} Rce8 {[%clk 1:30:30]} 34. Nc1
{[%clk 1:30:30]} Bg4 {[%clk 1:30:30]} 35. Bxc4 {[%clk 1:30:30]} Bxd4 {[%clk
1:30:30]} 36. Bxd5 {[%clk 1:30:30]} Bxf2 {[%clk 1:30:30]} 37. Qxf2 {[%clk
1:30:30]} Bxd1 {[%clk 1:30:30]} 38. b4 {[%clk 1:30:30]} Qc8 {[%clk 1:30:30]} 39.
Bf3 {[%clk 1:30:30]} Bxf3+ {[%clk 1:30:30]} 40. Qxf3 {[%clk 1:30:30]} Re1+ {[%clk
1:30:30]} 0-1

[Event "Greek Team Championship"]
[Site "chess24.com"]
[Date "2017.07.05"]
[Round "4"]
[White "Ispas, Eugenia"]
[Black "Vafiadou, Asimenia"]
[Result "0-1"]
[Board "5"]
[WhiteElo "1534"]
[WhiteCountry "GRE"]
[WhiteFideId "4269900"]
[WhiteEloChange "-6"]
[BlackElo "1692"]
[BlackCountry "GRE"]
[BlackFideId "4218914"]
[BlackEloChange "6"]

1. e4 {[%clk 1:30:58]} d5 {[%clk 1:30:55]} 2. exd5 {[%clk 1:31:23]} Qxd5 {[%clk
1:31:21]} 3. Nc3 {[%clk 1:31:31]} Qd6 {[%clk 1:31:47]} 4. d4 {[%clk 1:30:52]} Nf6
{[%clk 1:31:21]} 5. Nf3 {[%clk 1:29:50]} a6 {[%clk 1:31:43]} 6. Be2 {[%clk
1:29:27]} Nc6 {[%clk 1:32:02]} 7. O-O {[%clk 1:28:05]} Bf5 {[%clk 1:31:44]} 8. a3
{[%clk 1:19:48]} e6 {[%clk 1:29:07]} 9. Be3 {[%clk 1:18:02]} Be7 {[%clk 1:26:10]}
10. h3 {[%clk 1:14:40]} Nd5 {[%clk 1:19:58]} 11. Nxd5 {[%clk 1:13:01]} exd5
{[%clk 1:20:10]} 12. Bd3 {[%clk 1:09:56]} Be4 {[%clk 1:16:06]} 13. Ne1 {[%clk
1:02:37]} Qg6 {[%clk 1:08:46]} 14. Qg4 {[%clk 0:58:41]} Qxg4 {[%clk 1:08:08]} 15.
hxg4 {[%clk 0:59:01]} h5 {[%clk 0:58:44]} 16. g5 {[%clk 0:57:27]} Kd7 {[%clk
0:56:31]} 17. f3 {[%clk 0:57:21]} Bxd3 {[%clk 0:53:15]} 18. Nxd3 {[%clk 0:57:40]}
Bd6 {[%clk 0:50:22]} 19. f4 {[%clk 0:54:31]} f6 {[%clk 0:48:55]} 20. gxf6 {[%clk
0:53:01]} gxf6 {[%clk 0:49:22]} 21. Nc5+ {[%clk 0:50:09]} Bxc5 {[%clk 0:48:15]}
22. dxc5 {[%clk 0:50:23]} Rae8 {[%clk 0:48:27]} 23. Rae1 {[%clk 0:48:02]} Re4
{[%clk 0:44:19]} 24. c3 {[%clk 0:45:09]} Rhe8 {[%clk 0:33:37]} 25. Bd2 {[%clk
0:44:48]} Na5 {[%clk 0:26:39]} 26. Rxe4 {[%clk 0:41:59]} Rxe4 {[%clk 0:22:21]}
27. b4 {[%clk 0:27:42]} Nc4 {[%clk 0:20:41]} 28. Bc1 {[%clk 0:24:40]} Ne3 {[%clk
0:19:14]} 29. Re1 {[%clk 0:19:12]} Ng4 {[%clk 0:18:35]} 30. Rxe4 {[%clk 0:15:08]}
dxe4 {[%clk 0:19:00]} 31. c4 {[%clk 0:15:00]} f5 {[%clk 0:16:39]} 32. Kf1 {[%clk
0:11:33]} Kc6 {[%clk 0:11:02]} 33. a4 {[%clk 0:09:10]} a5 {[%clk 0:10:27]} 34.
Bd2 {[%clk 0:05:48]} axb4 {[%clk 0:06:57]} 35. Bxb4 {[%clk 0:06:10]} Ne3+ {[%clk
0:07:10]} 36. Kf2 {[%clk 0:02:05]} Nxc4 {[%clk 0:05:14]} 37. Kg3 {[%clk 0:01:52]}
Kd5 {[%clk 0:01:00]} 38. a5 {[%clk 0:01:27]} c6 {[%clk 0:00:58]} 39. Kf2 {[%clk
0:01:06]} Kd4 {[%clk 0:01:19]} 40. Ke2 {[%clk 0:31:17]} Nb2 {[%clk 0:31:10]} 41.
Kd2 {[%clk 0:30:46]} Nd3 {[%clk 0:31:33]} 42. Bc3+ {[%clk 0:25:55]} Kxc5 {[%clk
0:31:58]} 43. Ke3 {[%clk 0:25:26]} Kc4 {[%clk 0:30:03]} 44. Bd2 {[%clk 0:25:09]}
c5 {[%clk 0:29:20]} 45. g3 {[%clk 0:24:20]} Kb3 {[%clk 0:28:38]} 0-1

[Event "Greek Team Championship"]
[Site "chess24.com"]
[Date "2017.07.05"]
[Round "4"]
[White "Nikolaidou, Maria"]
[Black "Triantopoulou, Afroditi"]
[Result "1/2-1/2"]
[Board "6"]
[WhiteElo "1259"]
[WhiteCountry "GRE"]
[WhiteFideId "4240022"]
[WhiteEloChange "-4"]
[BlackElo "1113"]
[BlackCountry "GRE"]
[BlackFideId "4270290"]
[BlackEloChange "4"]

1. d4 {[%clk 1:30:57]} Nf6 {[%clk 1:30:51]} 2. Nf3 {[%clk 1:30:29]} e6 {[%clk
1:31:13]} 3. Bf4 {[%clk 1:30:48]} c5 {[%clk 1:31:14]} 4. e3 {[%clk 1:30:20]} cxd4
{[%clk 1:31:13]} 5. exd4 {[%clk 1:29:59]} b6 {[%clk 1:30:17]} 6. Be2 {[%clk
1:26:37]} Ba6 {[%clk 1:27:56]} 7. Nbd2 {[%clk 1:23:39]} Be7 {[%clk 1:23:12]} 8.
O-O {[%clk 1:23:01]} O-O {[%clk 1:20:30]} 9. Re1 {[%clk 1:18:53]} Re8 {[%clk
1:17:49]} 10. Ne5 {[%clk 1:07:10]} Bxe2 {[%clk 1:09:52]} 11. Qxe2 {[%clk
1:05:23]} Nc6 {[%clk 1:04:52]} 12. Nef3 {[%clk 1:01:14]} d5 {[%clk 0:57:22]} 13.
c3 {[%clk 0:50:54]} Bd6 {[%clk 0:48:05]} 14. Ne5 {[%clk 0:48:48]} Bxe5 {[%clk
0:46:21]} 15. dxe5 {[%clk 0:48:14]} Nd7 {[%clk 0:44:02]} 16. Qg4 {[%clk 0:39:34]}
g6 {[%clk 0:38:59]} 17. Nf3 {[%clk 0:28:03]} f6 {[%clk 0:30:41]} 18. exf6 {[%clk
0:19:24]} Nxf6 {[%clk 0:22:09]} 19. Qh3 {[%clk 0:14:12]} Nh5 {[%clk 0:10:02]} 20.
Ng5 {[%clk 0:12:04]} e5 {[%clk 0:05:34]} 21. Be3 {[%clk 0:04:04]} Qf6 {[%clk
0:03:04]} 22. g4 {[%clk 0:01:34]} Nf4 {[%clk 0:01:53]} 23. Qxh7+ {[%clk 0:01:58]}
Kf8 {[%clk 0:01:54]} 24. Qh6+ {[%clk 0:01:45]} Kg8 {[%clk 0:01:31]} 25. Qh7+
{[%clk 0:02:09]} Kf8 {[%clk 0:01:55]} 26. Qh6+ {[%clk 0:02:32]} Kg8 {[%clk
0:01:58]} 27. Qh7+ {[%clk 0:01:31]} Kf8 {[%clk 0:02:18]} 28. Qh6+ {[%clk
0:01:49]} Kg8 {[%clk 0:02:43]} 29. Qh7+ {[%clk 0:02:13]} Kf8 {[%clk 0:03:06]} 30.
Qh6+ {[%clk 0:02:29]} Kg8 {[%clk 0:03:29]} 1/2-1/2

[Event "Greek Team Championship"]
[Site "chess24.com"]
[Date "2017.07.05"]
[Round "4"]
[White "Tagkalaki, Ioanna Lambrini"]
[Black "Batsi, Eleni"]
[Result "1-0"]
[Board "7"]
[WhiteElo "1138"]
[WhiteCountry "GRE"]
[WhiteFideId "25852990"]
[WhiteEloChange "7"]
[BlackElo "1019"]
[BlackCountry "GRE"]
[BlackFideId "25837532"]
[BlackEloChange "-7"]

1. e4 {[%clk 1:30:58]} c5 {[%clk 1:30:53]} 2. Nc3 {[%clk 1:30:57]} g6 {[%clk
1:29:46]} 3. g3 {[%clk 1:29:54]} Bg7 {[%clk 1:29:48]} 4. Bg2 {[%clk 1:28:50]} Nc6
{[%clk 1:29:47]} 5. Nf3 {[%clk 1:27:14]} d6 {[%clk 1:28:43]} 6. d3 {[%clk
1:24:40]} e6 {[%clk 1:21:17]} 7. O-O {[%clk 1:22:19]} Nge7 {[%clk 1:20:37]} 8.
Ne2 {[%clk 1:13:45]} O-O {[%clk 1:19:44]} 9. c3 {[%clk 1:12:52]} Re8 {[%clk
1:09:47]} 10. d4 {[%clk 1:09:43]} cxd4 {[%clk 1:09:45]} 11. cxd4 {[%clk 1:09:05]}
d5 {[%clk 1:08:08]} 12. e5 {[%clk 1:04:41]} Nf5 {[%clk 1:06:35]} 13. Bh3 {[%clk
1:00:50]} Nce7 {[%clk 1:01:29]} 14. Bg5 {[%clk 0:57:29]} Qb6 {[%clk 1:00:34]} 15.
Qd2 {[%clk 0:52:53]} Bh8 {[%clk 0:53:02]} 16. g4 {[%clk 0:49:30]} Ng7 {[%clk
0:52:55]} 17. Bf6 {[%clk 0:48:15]} h5 {[%clk 0:02:41]} 18. Qh6 {[%clk 0:45:50]}
hxg4 {[%clk 0:01:44]} 19. Ng5 {[%clk 0:42:18]} gxh3 {[%clk 0:00:47]} 20. Qh7+
{[%clk 0:42:32]} Kf8 {[%clk 0:01:03]} 21. Qxh8+ {[%clk 0:42:41]} Ng8 {[%clk
0:01:24]} 22. Qxg7# {[%clk 0:42:41]} 1-0

[Event "Greek Team Championship"]
[Site "chess24.com"]
[Date "2017.07.05"]
[Round "4"]
[White "Nikolaou, Alexandros"]
[Black "Antonopoulos, Panagiotis"]
[Result "1-0"]
[Board "8"]
[WhiteElo "1540"]
[WhiteCountry "GRE"]
[WhiteFideId "4261674"]
[WhiteEloChange "5"]
[BlackElo "1335"]
[BlackCountry "GRE"]
[BlackFideId "4288980"]
[BlackEloChange "-5"]

1. d4 {[%clk 1:30:54]} d5 {[%clk 1:30:49]} 2. Bf4 {[%clk 1:31:15]} Nf6 {[%clk
1:29:29]} 3. e3 {[%clk 1:31:37]} e6 {[%clk 1:28:46]} 4. Nf3 {[%clk 1:31:58]} Be7
{[%clk 1:26:54]} 5. Nbd2 {[%clk 1:32:11]} O-O {[%clk 1:24:46]} 6. Bd3 {[%clk
1:31:35]} Nbd7 {[%clk 1:21:50]} 7. c3 {[%clk 1:30:34]} h6 {[%clk 1:20:43]} 8. h3
{[%clk 1:30:12]} b6 {[%clk 1:20:20]} 9. Ne5 {[%clk 1:29:35]} Bb7 {[%clk 1:18:44]}
10. Bh2 {[%clk 1:24:02]} c5 {[%clk 1:15:24]} 11. f4 {[%clk 1:23:40]} cxd4 {[%clk
1:02:15]} 12. exd4 {[%clk 1:22:19]} Nxe5 {[%clk 0:59:21]} 13. fxe5 {[%clk
1:21:06]} Nd7 {[%clk 0:57:58]} 14. Qg4 {[%clk 1:16:47]} Kh8 {[%clk 0:42:00]} 15.
Nf3 {[%clk 1:14:02]} Qe8 {[%clk 0:30:26]} 16. O-O {[%clk 0:58:43]} a5 {[%clk
0:20:31]} 17. Rfe1 {[%clk 0:28:42]} Rg8 {[%clk 0:14:04]} 18. Bf4 {[%clk 0:23:27]}
g5 {[%clk 0:03:31]} 19. Qh5 {[%clk 0:13:48]} Kg7 {[%clk 0:03:27]} 20. Bd2 {[%clk
0:10:58]} f6 {[%clk 0:02:05]} 21. exf6+ {[%clk 0:10:20]} Bxf6 {[%clk 0:01:43]}
22. Qg4 {[%clk 0:10:30]} Kf7 {[%clk 0:01:26]} 23. Re3 {[%clk 0:04:24]} Rg7 {[%clk
0:01:10]} 24. Rae1 {[%clk 0:04:34]} Nf8 {[%clk 0:01:36]} 25. Ne5+ {[%clk
0:03:44]} Ke7 {[%clk 0:00:56]} 26. Ng6+ {[%clk 0:02:23]} Kd8 {[%clk 0:00:37]} 27.
Nxf8 {[%clk 0:02:05]} Qxf8 {[%clk 0:00:58]} 28. Qxe6 {[%clk 0:02:15]} Re7 {[%clk
0:01:05]} 29. Qd6+ {[%clk 0:02:17]} Ke8 {[%clk 0:01:16]} 30. Bg6+ {[%clk
0:02:39]} 1-0

[Event "Greek Team Championship"]
[Site "chess24.com"]
[Date "2017.07.05"]
[Round "4"]
[White "Kormas, Georgios"]
[Black "Karamanis, Ioannis-Marios"]
[Result "1-0"]
[Board "9"]
[WhiteElo "1647"]
[WhiteCountry "GRE"]
[WhiteFideId "4289056"]
[WhiteEloChange "7"]
[BlackElo "1536"]
[BlackCountry "GRE"]
[BlackFideId "4289501"]
[BlackEloChange "-7"]

1. e4 {[%clk 1:30:56]} c5 {[%clk 1:30:57]} 2. Nc3 {[%clk 1:31:21]} g6 {[%clk
1:30:45]} 3. g3 {[%clk 1:31:34]} Bg7 {[%clk 1:30:59]} 4. Bg2 {[%clk 1:31:53]} Nc6
{[%clk 1:31:24]} 5. d3 {[%clk 1:32:15]} Rb8 {[%clk 1:31:39]} 6. Be3 {[%clk
1:32:05]} d6 {[%clk 1:32:03]} 7. f4 {[%clk 1:32:16]} b5 {[%clk 1:32:09]} 8. Qd2
{[%clk 1:31:49]} b4 {[%clk 1:31:18]} 9. Nd1 {[%clk 1:32:05]} e6 {[%clk 1:28:42]}
10. Nf3 {[%clk 1:31:50]} Nge7 {[%clk 1:28:43]} 11. O-O {[%clk 1:31:33]} O-O
{[%clk 1:28:03]} 12. h3 {[%clk 1:24:23]} Nd4 {[%clk 1:17:58]} 13. c3 {[%clk
1:21:54]} bxc3 {[%clk 1:18:21]} 14. bxc3 {[%clk 1:22:15]} Ndc6 {[%clk 1:18:43]}
15. Nb2 {[%clk 1:17:48]} Qa5 {[%clk 1:18:10]} 16. Rfc1 {[%clk 1:16:08]} d5 {[%clk
1:17:59]} 17. e5 {[%clk 0:53:51]} d4 {[%clk 0:47:03]} 18. Bf2 {[%clk 0:54:01]}
Nd5 {[%clk 0:45:24]} 19. Nd1 {[%clk 0:53:13]} Ba6 {[%clk 0:16:08]} 20. c4 {[%clk
0:45:26]} Nde7 {[%clk 0:09:41]} 21. Be1 {[%clk 0:39:51]} Qxd2 {[%clk 0:08:56]}
22. Nxd2 {[%clk 0:40:04]} Nb4 {[%clk 0:08:36]} 23. Be4 {[%clk 0:29:26]} Bb7
{[%clk 0:08:25]} 24. Nb2 {[%clk 0:29:09]} Rfd8 {[%clk 0:04:58]} 25. a3 {[%clk
0:27:34]} Na6 {[%clk 0:03:51]} 26. Na4 {[%clk 0:22:30]} Bc6 {[%clk 0:03:11]} 27.
Bxc6 {[%clk 0:22:40]} Nxc6 {[%clk 0:03:35]} 28. Ne4 {[%clk 0:20:39]} Bf8 {[%clk
0:03:56]} 29. Rcb1 {[%clk 0:18:22]} Rxb1 {[%clk 0:03:28]} 30. Rxb1 {[%clk
0:18:48]} Rb8 {[%clk 0:03:52]} 31. Rxb8 {[%clk 0:18:42]} Ncxb8 {[%clk 0:04:05]}
32. Kg2 {[%clk 0:16:53]} Be7 {[%clk 0:03:50]} 33. g4 {[%clk 0:16:25]} Nc6 {[%clk
0:02:52]} 34. Kf3 {[%clk 0:15:55]} Kg7 {[%clk 0:02:56]} 35. g5 {[%clk 0:11:49]}
Nd8 {[%clk 0:01:35]} 36. Ke2 {[%clk 0:11:10]} Nc6 {[%clk 0:01:35]} 37. Kd1 {[%clk
0:11:23]} h5 {[%clk 0:01:23]} 38. Kc2 {[%clk 0:11:28]} Kf8 {[%clk 0:01:35]} 39.
Kb3 {[%clk 0:11:41]} Ke8 {[%clk 0:01:24]} 40. Nb2 {[%clk 0:40:53]} Kd7 {[%clk
0:30:37]} 41. Ka4 {[%clk 0:37:39]} Nc7 {[%clk 0:30:01]} 42. Nd1 {[%clk 0:34:12]}
a6 {[%clk 0:26:56]} 43. Nb2 {[%clk 0:31:32]} Na8 {[%clk 0:26:46]} 44. Ba5 {[%clk
0:29:27]} Kc8 {[%clk 0:23:19]} 45. Nd1 {[%clk 0:28:36]} Kb7 {[%clk 0:22:17]} 46.
Nd2 {[%clk 0:28:52]} Nb6+ {[%clk 0:20:31]} 47. Bxb6 {[%clk 0:29:16]} Kxb6 {[%clk
0:20:59]} 48. Nb3 {[%clk 0:29:10]} Nb8 {[%clk 0:17:07]} 49. Nf2 {[%clk 0:29:21]}
Nd7 {[%clk 0:17:31]} 50. Ne4 {[%clk 0:29:20]} Bf8 {[%clk 0:17:53]} 51. Nbd2
{[%clk 0:28:45]} Be7 {[%clk 0:15:09]} 52. Nf3 {[%clk 0:25:21]} Nb8 {[%clk
0:14:49]} 53. Nd6 {[%clk 0:20:06]} Bxd6 {[%clk 0:09:34]} 54. exd6 {[%clk
0:20:29]} Nc6 {[%clk 0:06:25]} 55. Ne5 {[%clk 0:20:39]} Nd8 {[%clk 0:05:41]} 56.
h4 {[%clk 0:08:11]} a5 {[%clk 0:02:49]} 57. Kb3 {[%clk 0:07:31]} Kb7 {[%clk
0:03:01]} 58. Kc2 {[%clk 0:07:14]} Kb6 {[%clk 0:01:48]} 59. Kd2 {[%clk 0:07:28]}
Kb7 {[%clk 0:01:39]} 60. Ke2 {[%clk 0:07:51]} Kb6 {[%clk 0:01:31]} 61. Kf3 {[%clk
0:07:55]} Kb7 {[%clk 0:01:25]} 62. Ke4 {[%clk 0:08:20]} Kc8 {[%clk 0:01:28]} 63.
f5 {[%clk 0:01:47]} exf5+ {[%clk 0:00:39]} 64. Kd5 {[%clk 0:01:53]} Ne6 {[%clk
0:00:35]} 65. Nxf7 {[%clk 0:01:55]} Nf4+ {[%clk 0:00:31]} 66. Kxc5 {[%clk
0:01:51]} Ne2 {[%clk 0:00:59]} 67. Ne5 {[%clk 0:01:50]} f4 {[%clk 0:01:24]} 68.
Nf3 {[%clk 0:01:51]} Kd7 {[%clk 0:01:39]} 69. Kd5 {[%clk 0:01:21]} a4 {[%clk
0:01:25]} 70. c5 {[%clk 0:01:37]} Nc3+ {[%clk 0:01:51]} 71. Kxd4 {[%clk 0:01:25]}
1-0

[Event "Greek Team Championship"]
[Site "chess24.com"]
[Date "2017.07.05"]
[Round "4"]
[White "Patrikos, Ioannis"]
[Black "Nikolaidis, Konstantinos"]
[Result "0-1"]
[Board "1"]
[WhiteElo "2094"]
[WhiteCountry "GRE"]
[WhiteFideId "4203062"]
[WhiteEloChange "-6"]
[BlackElo "2229"]
[BlackTitle "FM"]
[BlackCountry "GRE"]
[BlackFideId "4200578"]
[BlackEloChange "6"]

1. d4 {[%clk 1:30:50]} Nf6 {[%clk 1:30:46]} 2. Nf3 {[%clk 1:30:36]} e6 {[%clk
1:30:36]} 3. e3 {[%clk 1:29:25]} b6 {[%clk 1:28:30]} 4. Bd3 {[%clk 1:29:03]} c5
{[%clk 1:27:54]} 5. O-O {[%clk 1:28:37]} Bb7 {[%clk 1:27:35]} 6. c4 {[%clk
1:27:43]} Be7 {[%clk 1:25:26]} 7. Nc3 {[%clk 1:27:08]} a6 {[%clk 1:22:23]} 8. Re1
{[%clk 1:22:57]} d6 {[%clk 1:14:29]} 9. b3 {[%clk 1:08:51]} Nbd7 {[%clk 1:00:30]}
10. Bb2 {[%clk 1:01:46]} cxd4 {[%clk 0:56:00]} 11. exd4 {[%clk 1:00:15]} d5
{[%clk 0:55:33]} 12. Qe2 {[%clk 0:56:30]} O-O {[%clk 0:51:51]} 13. Ne5 {[%clk
0:44:04]} dxc4 {[%clk 0:46:44]} 14. bxc4 {[%clk 0:32:12]} Nxe5 {[%clk 0:33:51]}
15. dxe5 {[%clk 0:32:00]} Nd7 {[%clk 0:33:49]} 16. Rad1 {[%clk 0:30:35]} Qc7
{[%clk 0:31:05]} 17. Qh5 {[%clk 0:23:00]} g6 {[%clk 0:28:01]} 18. Qh6 {[%clk
0:21:26]} Rfe8 {[%clk 0:21:54]} 19. Re3 {[%clk 0:16:17]} Bf8 {[%clk 0:20:15]} 20.
Qg5 {[%clk 0:14:05]} Rad8 {[%clk 0:17:39]} 21. Be4 {[%clk 0:04:39]} Be7 {[%clk
0:10:58]} 22. Qg3 {[%clk 0:03:35]} Nc5 {[%clk 0:10:31]} 23. Rde1 {[%clk 0:01:47]}
Nxe4 {[%clk 0:08:18]} 24. Nxe4 {[%clk 0:02:11]} Bxe4 {[%clk 0:05:40]} 25. Rxe4
{[%clk 0:02:40]} Rd2 {[%clk 0:04:34]} 26. Bc1 {[%clk 0:01:10]} Rxa2 {[%clk
0:02:49]} 27. Bg5 {[%clk 0:01:37]} Bxg5 {[%clk 0:02:24]} 28. Qxg5 {[%clk
0:02:04]} Qc5 {[%clk 0:01:01]} 29. Rf1 {[%clk 0:01:31]} Rc2 {[%clk 0:00:58]} 30.
Qf4 {[%clk 0:00:33]} Rc8 {[%clk 0:01:00]} 31. h4 {[%clk 0:00:33]} Rxc4 {[%clk
0:01:06]} 32. h5 {[%clk 0:00:58]} Rxe4 {[%clk 0:01:09]} 33. Qxe4 {[%clk 0:01:25]}
Qe7 {[%clk 0:00:37]} 34. Rd1 {[%clk 0:00:54]} Rd8 {[%clk 0:00:41]} 35. Rc1 {[%clk
0:01:00]} Qg5 {[%clk 0:00:54]} 36. Rb1 {[%clk 0:00:34]} Qxh5 {[%clk 0:00:57]} 37.
g4 {[%clk 0:00:33]} Qh3 {[%clk 0:01:09]} 38. Qf4 {[%clk 0:00:38]} b5 {[%clk
0:01:08]} 39. Qg5 {[%clk 0:01:05]} Rd4 {[%clk 0:01:10]} 0-1